<?xml version="1.0" encoding="UTF-8"?>
<record
    xmlns:xsi="http://www.w3.org/2001/XMLSchema-instance"
    xsi:schemaLocation="http://www.loc.gov/MARC21/slim http://www.loc.gov/standards/marcxml/schema/MARC21slim.xsd"
    xmlns="http://www.loc.gov/MARC21/slim">

  <leader>02495nam a2200349   4500</leader>
  <controlfield tag="001">16</controlfield>
  <controlfield tag="003">OSt</controlfield>
  <controlfield tag="005">20250528074009.0</controlfield>
  <controlfield tag="008">250120b        |||||||e |||| 00| 1 eng d</controlfield>
  <datafield tag="020" ind1=" " ind2=" ">
    <subfield code="a">8528607437</subfield>
  </datafield>
  <datafield tag="040" ind1=" " ind2=" ">
    <subfield code="b">por</subfield>
  </datafield>
  <datafield tag="041" ind1=" " ind2=" ">
    <subfield code="h">spa</subfield>
    <subfield code="a">por</subfield>
  </datafield>
  <datafield tag="082" ind1=" " ind2=" ">
    <subfield code="a">ch860</subfield>
    <subfield code="b">A432f</subfield>
  </datafield>
  <datafield tag="100" ind1=" " ind2=" ">
    <subfield code="a">Allende, Isabel</subfield>
    <subfield code="d">1942-</subfield>
    <subfield code="9">29</subfield>
  </datafield>
  <datafield tag="240" ind1=" " ind2=" ">
    <subfield code="a">Hija de la fortuna</subfield>
  </datafield>
  <datafield tag="245" ind1=" " ind2=" ">
    <subfield code="a">Filha da Fortuna /</subfield>
    <subfield code="c">Allende, Isabel ; Tradu&#xE7;&#xE3;o de Mario Pontes</subfield>
  </datafield>
  <datafield tag="250" ind1=" " ind2=" ">
    <subfield code="a">4&#xB0; edi&#xE7;&#xE3;o</subfield>
  </datafield>
  <datafield tag="260" ind1=" " ind2=" ">
    <subfield code="a">Rio de Janeiro</subfield>
    <subfield code="b">Bertrand Brasil</subfield>
    <subfield code="c">2001</subfield>
  </datafield>
  <datafield tag="300" ind1=" " ind2=" ">
    <subfield code="a">470 p.</subfield>
  </datafield>
  <datafield tag="500" ind1=" " ind2=" ">
    <subfield code="a">Continua&#xE7;&#xE3;o de : A casa dos Espiritos</subfield>
  </datafield>
  <datafield tag="520" ind1=" " ind2=" ">
    <subfield code="a">O LIVRO Eliza Sommers &#xE9; uma jovem chilena que vive em Valpara&#xED;so em 1849, ano em que se descobre ouro na Calif&#xF3;rnia. O seu amante, Joaqu&#xED;n Andieta, a abandona, e parte para o Norte decidido a fazer fortuna e ela decide procur&#xE1;-lo. A viagem infernal, escondida no por&#xE3;o de um veleiro, e a conviv&#xEA;ncia numa terra onde s&#xF3; h&#xE1; homens e prostitutas atra&#xED;dos pela febre do ouro, transformam a jovem inocente numa mulher fora do comum. Entretanto, toda essa transforma&#xE7;&#xE3;o &#xE9; feita com a ajuda e o afeto de Tao Chi"en, um m&#xE9;dico chin&#xEA;s que a protege ao longo de uma viagem inesquec&#xED;vel pelos mist&#xE9;rios e contradi&#xE7;&#xF5;es da condi&#xE7;&#xE3;o humana. Filha da Fortuna &#xE9; o retrato palpitante de uma &#xE9;poca marcada pela viol&#xEA;ncia e pela cobi&#xE7;a, onde cada protagonista redescobre o amor, a amizade, a compaix&#xE3;o e a coragem. Neste livro, considerado o seu mais ambicioso romance, Isabel Allende descreve um universo fascinante, povoado de estranhas personagens que, como tantas outras da autora, ficar&#xE3;o para sempre na mem&#xF3;ria e no cora&#xE7;&#xE3;o de seus leitores. &#x201C; A Filha da Fortuna revela-se como uma hist&#xF3;ria sedutora...&#x201D; (Publishers Weekly). A AUTORA Isabel Allende, embora de nacionalidade chilena, nasceu em Lima, cap&#xED;tal peruana, em 1942. Aos dezessete anos inicia uma intensa carreira como jornalista e escritora. Em 1982, Isabel Allende publica A Casa dos Esp&#xED;ritos que imediatamente a consagraria como uma das mais brilhantes escritoras da l&#xED;ngua espanhola, e a colocaria no rol dos escritores latino-americanos mais traduzidos.</subfield>
  </datafield>
  <datafield tag="650" ind1=" " ind2="0">
    <subfield code="a">Literatura Chilena</subfield>
    <subfield code="9">88</subfield>
  </datafield>
  <datafield tag="650" ind1=" " ind2="0">
    <subfield code="a">Drama</subfield>
    <subfield code="9">18</subfield>
  </datafield>
  <datafield tag="650" ind1=" " ind2="0">
    <subfield code="a">Amor e Paix&#xE3;o</subfield>
    <subfield code="9">25</subfield>
  </datafield>
  <datafield tag="650" ind1=" " ind2="0">
    <subfield code="a">&#xC9;poca</subfield>
    <subfield code="9">31</subfield>
  </datafield>
  <datafield tag="650" ind1=" " ind2="0">
    <subfield code="a">Emponderamento </subfield>
    <subfield code="9">32</subfield>
  </datafield>
  <datafield tag="655" ind1=" " ind2="0">
    <subfield code="a">Romance</subfield>
    <subfield code="9">23</subfield>
  </datafield>
  <datafield tag="655" ind1=" " ind2="0">
    <subfield code="a">Fic&#xE7;&#xE3;o </subfield>
    <subfield code="9">22</subfield>
  </datafield>
  <datafield tag="700" ind1=" " ind2=" ">
    <subfield code="a">Mario Pontes</subfield>
    <subfield code="e">Tradutor</subfield>
    <subfield code="9">37</subfield>
  </datafield>
  <datafield tag="830" ind1=" " ind2=" ">
    <subfield code="a">Trilogia: A casa dos Espiritos</subfield>
    <subfield code="9">39</subfield>
    <subfield code="v">parte 02</subfield>
  </datafield>
  <datafield tag="942" ind1=" " ind2=" ">
    <subfield code="2">ddc</subfield>
    <subfield code="n">0</subfield>
    <subfield code="c">BK</subfield>
  </datafield>
  <datafield tag="952" ind1=" " ind2=" ">
    <subfield code="0">0</subfield>
    <subfield code="1">0</subfield>
    <subfield code="2">ddc</subfield>
    <subfield code="3">vol. 02</subfield>
    <subfield code="4">0</subfield>
    <subfield code="7">0</subfield>
    <subfield code="8">FIC</subfield>
    <subfield code="a">BIBIB</subfield>
    <subfield code="b">BIBIB</subfield>
    <subfield code="c">LE</subfield>
    <subfield code="d">2003-05-19</subfield>
    <subfield code="e">doa&#xE7;&#xE3;o</subfield>
    <subfield code="l">0</subfield>
    <subfield code="o">ch860 / A432f</subfield>
    <subfield code="p">2025-12117</subfield>
    <subfield code="r">2025-01-20 08:34:18</subfield>
    <subfield code="w">2025-01-20</subfield>
    <subfield code="y">BK</subfield>
  </datafield>
  <datafield tag="999" ind1=" " ind2=" ">
    <subfield code="c">16</subfield>
    <subfield code="d">16</subfield>
  </datafield>
</record>
